ბათუმის შოთა რუსთაველის სახელმწიფო უნივერსიტეტის ბიბლიოთეკა

საქართველო ჩვენი ფასეულობები : (ბიბ.ჩანაწერი № 60831)

000 -ლიდერი
ფიქსირებული სიგრძის საკონტროლო ველი 02038nam a22002537a 4500
003 - საკონტროლო ნომრის იდენტიფიკატორი
საკონტროლო ველი Ge_BSU
005 - ბოლო ოპერაციის თარიღი და დრო
საკონტროლო ველი 20231027154649.0
008 - ფიქსირებული სიგრძის მონაცემთა ელემენტები - ზოგადი ინფორმაცია
ფიქსირებული სიგრძის საკონტროლო ველი 231027s2014 ge ||||| |||| 00| 0 geo d
020 ## - წიგნის საერთაშორისო სტანდარტული ნომერი
International Standard Book Number 9789941204623
041 ## - ენის კოდი
Language code of text/sound track or separate title geo
080 ## - უნივერსალური ათობითი კლასიფიკაციის ინდექსი
Universal Decimal Classification number 62(09) ქ-27
245 ## - ცნობა სათაურის შესახებ
Title საქართველო ჩვენი ფასეულობები :
Remainder of title ქართული ინჟინერიის ოქროს წიგნი /
Statement of responsibility, etc ანანია ჯაფარიძე; [სარედაქციო კოლეგია : გიორგი ზვიადაძე; ზურაბ აბაშიძე; ავთანდილ საყვარელიძე; ვახტანგ სართანია] .
264 ## - წარმოების, გამოცემის, დისტრიბუციის და სხვა ცნობები
გამოცემის, წარმოების, დისტრიბუციის... ადგილი თბილისი,
გამოცემის, წარმოების, დისტრიბუციის... სახელწოდება სტუ,
გამოცემის, წარმოების, დისტრიბუციის... თარიღი 2014.
300 ## - ფიზიკური აღწერა
Extent 366 გვ. :
Other physical details ილ.;
Dimensions 31 ცმ.
500 ## - ზოგადი შენიშვნა
General note გამოცემა ეძღვნება უწმინდესსა და უნეტარესს, სრულიად საქართველოს კათოლიკოს პატრიარქს, მთხეთა-თბილისის მთავარეპისკოპოსსა და ბიჭვინთისა და ცხუმ-აფხაზეთის მეტროპოლიტ ილია II- ს
653 ## - INDEX TERM--UNCONTROLLED
Uncontrolled term ქართული ინჟინერია
653 ## - INDEX TERM--UNCONTROLLED
Uncontrolled term ქარტველი სახელოვანი მეცნიერები და ინჟინრები
700 ## - ADDED ENTRY--PERSONAL NAME
Personal name ჯაფარიძე, ანანია
Relator term ავტორი
9 (RLIN) 2177
700 ## - ADDED ENTRY--PERSONAL NAME
Personal name ზვიადაძე, გიორგი
Relator term რედაქტორი
9 (RLIN) 14987
700 ## - ADDED ENTRY--PERSONAL NAME
Personal name აბაშიძე, ზურაბ
Relator term რედაქტორი
9 (RLIN) 1322
700 ## - ADDED ENTRY--PERSONAL NAME
Personal name საყვარელიძე, ავთანდილ
Relator term რედაქტორი
9 (RLIN) 20259
700 ## - ADDED ENTRY--PERSONAL NAME
Personal name სართანია, ვახტანგ
Relator term რედაქტორი
9 (RLIN) 20260
942 ## - ADDED ENTRY ELEMENTS (KOHA)
Source of classification or shelving scheme
Koha item type წიგნი
ეგზემპლარები
ჩამოწერის სტატუსი დაკარგული ეგზემპლარის სტატუსი კლასიფიკაციის წყარო ან თაროზე გაწყობის სქემა დაზიანების სტატუსი არ გაიცემა მუდმივი მდებარეობა (დაცვის ადგილი) ამჟამინდელი ადგილსამყოფელი შეძენის თარიღი ღირებულება, შესყიდვის ნორმალური ფასი სრული შენახვის შიფრი შტრიხკოდი ბოლო ოპერაციის თარიღი ეგზემპლარის მიმდევრობითი ნომერი (კეტერი?) ფასის ძალაში შესვლის თარიღი ეგზემპლარის სახეობა საჯარო შენიშვნა
          ბათუმის შოთა რუსთაველის სახელმწიფო უნივერსიტეტის მთავარი ბიბლიოთეკა ბათუმის შოთა რუსთაველის სახელმწიფო უნივერსიტეტის მთავარი ბიბლიოთეკა 2023-10-27 25.00 62(09) ქ-27 29947 2023-10-27 29947 2023-10-27 წიგნი 25 ლ.